000 00491nam a22001817a 4500
999 _c4925
_d4925
003 GBCCL
005 20241126110529.0
008 180215b ||||| |||| 00| 0 eng d
020 _a0882438972
040 _cgbc
082 _a236
_bHAR
100 _aHarris, Charles
_98941
245 _aWhat's Ahead?:
_bA Study of End-Time Events /
_cCharles Harris
260 _bGospel Publishing House,
_aSpringfield:
_c1981
300 _a128 p.;
_c18 cm.
650 _aEschatology
_92009
942 _2ddc
_cBK